Stop the global epidemic of chronic disease: A practical guide to successful advocacy
সংরক্ষণ করুন:
| সংস্থা লেখক: | |
|---|---|
| বিন্যাস: | গ্রন্থ |
| প্রকাশিত: |
Geneva
World Health Organization
2007
|
| বিষয়গুলি: | |
| ট্যাগগুলো: |
ট্যাগ যুক্ত করুন
কোনো ট্যাগ নেই, প্রথমজন হিসাবে ট্যাগ করুন!
|
| LEADER | 00663nam a22001577a 4500 | ||
|---|---|---|---|
| 020 | |a 9241594462 | ||
| 060 | |a WT 500 | ||
| 110 | |a World Health organization |9 1053 | ||
| 245 | |a Stop the global epidemic of chronic disease: |b A practical guide to successful advocacy | ||
| 260 | |a Geneva |b World Health Organization |c 2007 | ||
| 300 | |a 56p. ; | ||
| 650 | |a Chronic disease - prevention and control |a patient advocacy |a Mass media |9 1219 | ||
| 856 | |y Full Text Visit NHRC Information Center | ||
| 942 | |2 NLM |c BK | ||
| 952 | |0 0 |1 0 |2 NLM |4 0 |6 WT_500_000000000000000_WHO_2007 |7 0 |9 1479 |a NHRC |b NHRC |c CART |d 2013-03-13 |l 0 |o WT 500/WHO/2007 |p 001492 |r 2013-03-13 |w 2013-03-13 |y BK | ||
| 999 | |c 1438 |d 1438 | ||